Online
Catalog

Había una vez / (Record no. 44716)

MARC details
000 -CABECERA
campo de control de longitud fija 00538nam a2200169 a 4500
001 - NÚMERO DE CONTROL
campo de control 000045227
005 - FECHA Y HORA DE LA ÚLTIMA TRANSACCIÓN
campo de control 20201002050001.0
008 - DATOS DE LONGITUD FIJA--INFORMACIÓN GENERAL
campo de control de longitud fija 150212s1999 xxca 000 j spa d
020 ## - NÚMERO INTERNACIONAL ESTÁNDAR DEL LIBRO
ISBN cancelado o inválido 2992453014
040 ## - FUENTE DE LA CATALOGACIÓN
Centro catalogador/agencia de origen DO-SdBNP
Lengua de catalogación spa
Centro/agencia transcriptor BNPHU
082 ## - NÚMERO DE LA CLASIFICACIÓN DECIMAL DEWEY
Número de clasificación xxxx
Número de documento/Ítem xxxx
100 1# - ENTRADA PRINCIPAL--NOMBRE DE PERSONA
Nombre de persona Jorge Morel, Eucilda
9 (RLIN) 25433
245 10 - MENCIÓN DE TÍTULO
Título Había una vez /
Mención de responsabilidad, etc. Eucilda Jorge Morel ; ilustraciones y diseño gráfico, Edith Ferrándiz.
260 ## - PUBLICACIÓN, DISTRIBUCIÓN, ETC.
Lugar de publicación, distribución, etc. [Montreal :
Nombre del editor, distribuidor, etc. Fourmi rose,
Fecha de publicación, distribución, etc. 1999].
300 ## - DESCRIPCIÓN FÍSICA
Extensión 17 p. :
Otras características físicas il. ;
Dimensiones 15 cm.
700 12 - PUNTO DE ACCESO ADICIONAL--NOMBRE DE PERSONA
Nombre de persona Ferrándiz, Edith,
Término indicativo de función/relación il.
9 (RLIN) 73250
Holdings
Estado de retiro Estado de pérdida Restricciones de uso No para préstamo Código de colección Localización permanente Ubicación/localización actual Ubicación en estantería Fecha de adquisición Número de inventario Total de préstamos Signatura topográfica completa Código de barras Fecha visto por última vez Precio válido a partir de Tipo de ítem Koha
      Excluido de préstamo Monografías: Libros y Folletos Patrimonio Dominicano Patrimonio Dominicano En catalogación 12.02.2015 LF1   xxxx xxxx 45227-10 25.06.2020 25.06.2020 No se presta

Powered by Koha